Laddar...

records of the ZSI:On a collection of birds from Koraput District,Orissa,India

Bibliografiska uppgifter
Huvudupphovsman: Majumdar,N
Materialtyp: Printed Book
Språk:Undetermined
Publicerad: Calcutta ZSI 1988
Ämnen:
LEADER 00501nam a2200145Ia 4500
008 140316s9999 xx 000 0 und d
082 |a ZSI  |b MAJ/108 
100 |a Majumdar,N 
245 |a records of the ZSI:On a collection of birds from Koraput District,Orissa,India 
260 |a Calcutta  |b ZSI  |c 1988 
300 |a 53 
650 |a birds 
942 |2 ddc  |c REF 
999 |c 23613  |d 23613 
952 |0 0  |1 0  |2 ddc  |4 0  |6 ZSI_MAJ108  |7 0  |9 31519  |a KAUCLV  |b KAUCLV  |c CLOSEDREF  |d 2014-03-18  |o ZSI MAJ/108  |p 805606  |r 2014-03-18  |w 2014-03-18  |y REF